00915nam a22001937a 450000500170000000800410001702000180005805000210007610000360009724500910013325000180022426000290024230000180027149000420028950000530033150502270038465000760061170000340068720231102152006.0161027s 2015mx ||||f |||| 00| 0 spa d a978607440735804aHJ2466bP47 201510aPérez Chávez, Joséeautor10aRégimen de incorporación fiscalb : personas físicasc / José Pérez Chávez a2a. edición30aMéxicob : Taxc, 2015 a176 páginas aColección de personas físicas v4 aIncluye contenido, abreviaturas e introducción1 aLey de impuestos sobre la renta Ley del impuesto al valor agregado Código fiscal de la federación Beneficios en materia de seguridad social relacionados con el pago de cuotas obrero-patronales al IMSS Fundamento legal 14aPEQUEÑAS Y MEDIANAS EMPRESASxPERSONAS FÍSICASzMÉXICOvIMPUESTOS1 aFol Olguín, Raymundoeautor